Advances in Clinical Chemistry. Volume 23 /

Salvato in:
Dettagli Bibliografici
Autori principali: Latner, A.L (Autore), Schwartz, Morton K (Autore)
Natura: Libro
Pubblicazione: New York : Academic Press, 1983
Tags: Aggiungi Tag
Nessun Tag, puoi essere il primo ad aggiungerne!!

MARC

LEADER 00000nam a22000003a 4500
001 stu15799
005 20150617225758.5
008 ------s1983----xxu---------------------d
040 |a STU  |b slo 
041 0
044 |a xxu 
080 |a 543:616  |7 stu_us_auth*stu5538 
100 1 |a Latner, A.L  |4 aut 
245 1 |a Advances in Clinical Chemistry. Volume 23 /  |c [aut.]Latner,A.L., Schwartz,Morton K 
260 |a New York :  |b Academic Press,  |c 1983 
300 |a 350 s :  |b Tab.,grafy,lit.,index 
700 1 |a Schwartz, Morton K  |4 aut 
996 |b C81184  |c C*81184  |l CCIII  |s P  |a 0  |w stu15799_0001